Statistiken für Länder, die am meisten Fisch essen

Klicken Sie hier um das Quiz zu spielen!

Allgemein

  • Dieses Quiz wurde 129 mal gespielt
  • Das Durchschnittsergebnis liegt bei 8 aus 20

Antwortstatistiken

KgLand% Korrekt
46.7Japan
96%
40.3China
86%
50.6Norwegen
78%
54.7Südkorea
70%
44.7Indonesien
63%
(84.3)Island
61%
40.3Spanien
61%
59.4Portugal
55%
53.3Malaysia
36%
(52.9)Seychellen
23%
(43.9)Barbados
20%
(48.7)Föderierte Staaten von Mikronesien
19%
46.7Kambodscha
19%
(87.3)Malediven
18%
(44.0)Samoa
18%
(57.1)Antigua und Barbuda
17%
(69.2)Kiribati
17%
(44.8)Nauru
17%
(43.4)St. Kitts und Nevis
17%
45.9Myanmar
16%

Verteilung der Resultate

Perzentil nach korrekt beantworteten Fragen

Anzahl Personen mit jedem Resultat

Ihre Resultats-Entwicklung

Sie haben dieses Quiz noch nicht gespielt